01062nam a22002537a 45000010005000000030006000050050017000110080041000280200018000690400030000870500015001170820011001321000026001432450041001692500027002102600037002373000025002745050007002995200421003065210019007276500020007466500027007667000015007933788FISKH20260204105017.0240507b cb ||||| |||| 00| 0 eng d a9780545208789 aFISK beng cFISK dFISK  aPZ7.A5152  a813.6  aAmes Ruth d1924-2022 aThis totally bites! / cby Ruth Ames aFirst printing in 2010 aNew York : bScholastic, c2010  a184 pages : c20 cm  aM  a"Twelve-year-old Emma-Rose Paley has always felt very different from her bubbly, outgoing parents. Unlike them, Emma-Rose has pale skin and jet-black hair, she prefers gray weather to sunshine, and she hates the taste of garlic. When Emma-Rose's great-aunt Margo comes to visit from Romania, Emma-rose uncovers a dark family secret and has a sudden revelation. Could Emma-Rose be a real, live vampire?" (publisher). 8 a740 bLexiles  2SeriesaFiction 2Poison AppleaVampires aRuth Ames